Statistics for Countries With the Most Tigers

Click here to take the quiz!

General Stats

  • This quiz has been taken 65 times
  • The average score is 11 of 13

Answer Stats

#Answer% Correct
2,226India
100%
7China
95%
106Bangladesh
88%
443Russia
87%
2Laos
87%
371Indonesia
85%
189Thailand
85%
5Vietnam
85%
198Nepal
82%
250Malaysia
73%
???Myanmar
73%
103Bhutan
68%
???North Korea
65%

Score Distribution

Percentile by Number Answered

Percent of People with Each Score

Your Score History

You have not taken this quiz